<?xml version="1.0" encoding="UTF-8"?>
<record
    xmlns:xsi="http://www.w3.org/2001/XMLSchema-instance"
    xsi:schemaLocation="http://www.loc.gov/MARC21/slim http://www.loc.gov/standards/marcxml/schema/MARC21slim.xsd"
    xmlns="http://www.loc.gov/MARC21/slim">

  <leader>00489nam a22001697a 4500</leader>
  <controlfield tag="005">20151229120757.0</controlfield>
  <controlfield tag="008">151229b        xxu||||| |||| 00| 0 eng d</controlfield>
  <datafield tag="020" ind1=" " ind2=" ">
    <subfield code="a">969404520</subfield>
  </datafield>
  <datafield tag="040" ind1=" " ind2=" ">
    <subfield code="c">PK-LaUMT</subfield>
  </datafield>
  <datafield tag="082" ind1=" " ind2=" ">
    <subfield code="a">MSC 070.4</subfield>
    <subfield code="b">ABD-A</subfield>
  </datafield>
  <datafield tag="100" ind1=" " ind2=" ">
    <subfield code="a">&#x639;&#x628;&#x62F;&#x627;&#x644;&#x645;&#x62C;&#x6CC;&#x62F; &#x633;&#x627;&#x644;&#x6A9;</subfield>
  </datafield>
  <datafield tag="245" ind1=" " ind2=" ">
    <subfield code="a">&#x627;&#x641;&#x6A9;&#x627;&#x631; &#x648; &#x62D;&#x648;&#x627;&#x62F;&#x62B;</subfield>
    <subfield code="c">&#x639;&#x628;&#x62F;&#x627;&#x644;&#x645;&#x62C;&#x6CC;&#x62F; &#x633;&#x627;&#x644;&#x6A9;</subfield>
  </datafield>
  <datafield tag="260" ind1=" " ind2=" ">
    <subfield code="a">&#x6A9;&#x631;&#x627;&#x686;&#x6CC;</subfield>
    <subfield code="b">&#x62C;&#x627;&#x645;&#x639;&#x6C1; &#x6A9;&#x631;&#x627;&#x686;&#x6CC;</subfield>
    <subfield code="c">2002</subfield>
  </datafield>
  <datafield tag="300" ind1=" " ind2=" ">
    <subfield code="a">290 &#x635;</subfield>
  </datafield>
  <datafield tag="700" ind1=" " ind2=" ">
    <subfield code="a">&#x645;&#x62D;&#x645;&#x62F; &#x62D;&#x645;&#x632;&#x6C1; &#x641;&#x627;&#x631;&#x648;&#x642;&#x6CC;(&#x645;&#x631;&#x62A;&#x628;</subfield>
  </datafield>
  <datafield tag="942" ind1=" " ind2=" ">
    <subfield code="c">BK</subfield>
  </datafield>
  <datafield tag="999" ind1=" " ind2=" ">
    <subfield code="c">81171</subfield>
    <subfield code="d">81171</subfield>
  </datafield>
  <datafield tag="952" ind1=" " ind2=" ">
    <subfield code="0">0</subfield>
    <subfield code="1">0</subfield>
    <subfield code="4">0</subfield>
    <subfield code="7">0</subfield>
    <subfield code="a">01</subfield>
    <subfield code="b">01</subfield>
    <subfield code="d">2015-12-29</subfield>
    <subfield code="l">0</subfield>
    <subfield code="o">MSC 070.4 ABD-A</subfield>
    <subfield code="p">95127</subfield>
    <subfield code="r">2015-12-29 00:00:00</subfield>
    <subfield code="w">2015-12-29</subfield>
    <subfield code="y">BK</subfield>
  </datafield>
</record>
